LEADER 01718nam a2200229 i 4500 001 000000029509 003 CaOOAMICUS 005 20230801144539.0 008 180830s1643 be u000 u lat u 040 $aSeMil$bita 100 1 $aBolland, Jean,$d<1596-1665>.$0(OLS)http://semarc/name/13470 245 10$aActa sanctorum quotquot toto orbe coluntur, vel ą catholicis scriptoribus celebrantur, quae ex Latinis & Graecis, aliarumque gentium antiquis monumentis collegit, digessit, notis illustrauit Ioannes Bollandus ... Seruatā primigeniā scriptorum phrasi. Operam et studium contulit Godefridus Henschenius ... Prodit nunc duobus tomis Ianuarius, in quo 1570. nominatorum sanctorum, & aliorum inumerabilium memoria, vel res gestae illustrantur. Ceteri menses ex ordine subsequentur. 260 $aAntuerpiae :$bApud Ioannem Meursium,$c1643. 300 $a2 v. ;$cfol. 500 $aTesto su due colonne 500 $aNon posseduto il vol. 2 500 $aIniz. xilogr. 700 1 $aHenschen, Godefroy,$d<1601-1681>.$0(OLS)http://semarc/name/13469 774 0 $t1.$g1$w()227565 996 $6245$aActa sanctorum quotquot toto orbe coluntur, vel ą catholicis scriptoribus celebrantur, quae ex Latinis & Graecis, aliarumque gentium antiquis monumentis collegit, digessit, notis illustrauit Ioannes Bollandus ... Seruatā primigeniā scriptorum phrasi. Operam et studium contulit Godefridus Henschenius ... Prodit nunc duobus tomis Ianuarius, in quo 1570. nominatorum sanctorum, & aliorum inumerabilium memoria, vel res gestae illustrantur. Ceteri menses ex ordine subsequentur$9(OLS)http://semarc/title/40094 996 $6260$aAntuerpiae :$bApud Ioannem Meursium$9(OLS)http://semarc/publisher/38134 LEADER 00578nam a2200169 i 4500 001 000000206617 003 CaOOAMICUS 005 20111010000000.0 008 111010s1938 it u000 u ita u 013 $a185389 040 $aSeMil$bita 245 10$aVolume 2., Parte 2. 300 $aXI, 572 p. 773 0 $aVivanti, Giulio$tEnciclopedia delle matematiche elementari.$dMilano : Hoepli, 1930-1938.$g2$w()25534 850 $aSeMil 852 $aSeMil$W1$xVenegono$y1$m3W V 316$j157085$B157085$CSeMilBibl$Z2$F168404 $81 996 $6245$aVolume 2., Parte 2$9(OLS)http://semarc/title/298828